| 000 | 00372nam a2200133Ia 4500 | ||
|---|---|---|---|
| 008 | 231228s2011 xx 000 0 und d | ||
| 041 | _aeng | ||
| 082 |
_a658.8 _bRAV |
||
| 100 | _aRAVICHANDRAN (K.) | ||
| 245 | _aMerchant Banking and Financial Services. | ||
| 250 | _a1st Rep. | ||
| 260 |
_aNew Delhi _bHimalaya Publishing House Mumbai, New Delhi _c2011 |
||
| 300 | _a325 | ||
| 999 |
_c1094938 _d1094938 |
||